000 00309nam a22001337a 4500
008 170523b xxu||||| |||| 00| 0 eng d
020 _a9780075542575
041 _aeng
080 _a94
100 _a16
101 _aSHH
245 _aWESTERN SOCIETES A DOKUMENTARY HISTORY
_cTIERNEY,B
942 _2udc
_cBK
999 _c13958
_d13958